banner-ar

ملامح الفكر الفلسفى والدينى فى مدرسة الاسكندرية القديمة / (Record no. 43346)

MARC details
000 -الفاتح
حقل البيانات ثابتة الطول 00444nam a2200133Ia 4500
008 - عناصر البيانات ثابتة الطول - معلومات عامة
حقل البيانات ثابتة الطول 140319s9999 xx 000 0 ara d
040 ## - مصدر الفهرسة
وكالة الفهرسة الأصلية GCL /
وكالة النسخ GCL
082 04 - رقم تصنيف ديوى العشرى
رقم التصنيف 180.2
رقم المادة ح م
100 1# - المدخل الرئيسى - إسم شخصى
الإسم الشخصى على عبدالمعطى محمد
245 10 - بيان العنوان
العنوان ملامح الفكر الفلسفى والدينى فى مدرسة الاسكندرية القديمة /
بيان المسئوليه,etc على عبدالمعطى محمد
300 ## - الوصف المادى
التعداد 360 ص
490 ## - بيان السلسلة
عنوان السلسلة 100 قصة
رقم المجلد/ التعيين التسلسلي 0
Holdings
حالة التراجع حالة الفقد حالة تلف ليس للاعارة المكان المؤقت الموقع الحالى تاريخ الاكتساب اجمالي اﻻعارات رقم الطلب الباركود تاريخ اخر مشاهدة تاريخ تفعيل السعر نوع وعاء كوها
        مكتبة القاهرة الكبرى مكتبة القاهرة الكبرى 03/26/2014   180.2\ح م 104890 03/26/2014 03/26/2014 كتاب
        مكتبة القاهرة الكبرى مكتبة القاهرة الكبرى 03/26/2014   180.2\ح م 104891 03/26/2014 03/26/2014 كتاب
        مكتبة القاهرة الكبرى مكتبة القاهرة الكبرى 03/26/2014   180.2\ح م 104892 03/26/2014 03/26/2014 كتاب

Powered By

EGPV